000 01075cam a2200445ua 4500
041 _amal
_h
082 _a581
_bUNN/SA
100 _aUnnikrishnan nair, .
245 _aPre-degree sasyasastram Part-2 /
_cUnnikrishnan nair.
_hTextual Documents
250 _a11 /
_b.
260 _aThiruvananthapuram :
_bState Instititute of Languages ,
_c1972.
300 _a516 ; .
504 _a
942 _cBK
999 _c6250
_d6250